| 000 | 00785nam a22001817a 4500 | ||
|---|---|---|---|
| 003 | UA-OsUOA | ||
| 001 | 15173 | ||
| 007 | ta | ||
| 008 | 20031102b un ||||| |||| 00| 0 ukr d | ||
| 100 | _aПогонська В. | ||
| 942 | _cSA | ||
| 040 |
_aUA-OsUOA _cUA-OsUOA _dUA-OsUOA |
||
| 245 |
_aІнтелект плюс виробнича думка _b[Про Рівнен. наук.-вироб. фірму "Продекологія", яка займається проектуванням, виготовленням та постачанням магнітних сепараторів і металодетекторів] |
||
| 300 | _aС.2 | ||
| 955 | _a0 | ||
| 773 | 0 |
_w0 _tСім днів _dРівне _d2003 _g№31/1 серп./ |
|
| 650 | 7 |
_aКраєзнавча робота _2UDC |
|
| 999 |
_c301338 _d301338 |
||